00427 2200169 4500001002100000008004100021035002000062245004900082260003000131300001500161020001800176084001700194082001100211650001000222990001300232990001200245INLIS000000000000025 ind  a0010-0921000025 aConfessions Of A ShopaholiccSophie Kinsella aJakarta :bGramediac2015 a360c20 cm a9786020317908 a808.83 SOP c a808.83 afiksi aDI. 2152 aDI 2152